01197 a2200181 45000010006000000050017000060080041000230030015000640400040000790800125001192450069002440200022003132640029003353000019003645050601003830410008009841000023009926396820260521160827.0260521a1983 arg spa dAR-UNSa-BCEJYS aAR-UNSa-BCEJYSbspacAR-UNSa-BCEJYS a658.012.2xPlanificación. Programas. Planes. Medidas de apoyo a la planificación( Administración estratégica...)10aPlanificación de la empresa del futuropPlanear o ser planeado a978-968-18-1617-9 1aMéxico :bLimusac1983 a354 p.c23 cm. a1. Concepto cambiante del mundo – 2. Concepto cambiante de la empresa – 3. Concepto cambiante de planeación – 4. Formulación de la problemática – 5. Planeación de los fines: el diseño idealizado – 6. Planeación de los fines: diseños de los sistemas de administración – 7. Planeación de los fines: diseño de la organización – 8. Planeación de los medios: formulación de alternativas – 9. Planeación de los medios: evaluación de alternativas – 10. Planeación de los recursos – 11. Implementación y control de los planes y la planeación –  aspa1 aAckoff, Ruseell L.